000 00957cab a2200265 4500
001 WB3231-57
008 090401t1996 xxu||||| |||| 00| 0 eng d
035 _a(Sirsi) u69712
041 _aeng
245 _aNegligence - valuation
260 _c1996
350 _a0
490 _aEstates Gazette Case Summaries
_v[1996] EGCS 145, (1) (10/8/96)
520 _a"Blake and another v Barking and Dagenham LBC" QBD 30 July 1996. A local authority owes no duty of care to a tenant when stating their opinion on the price of flats in a notice giving details of a right to buy.
650 _aBLAKE AND ANOTHER V BARKING AND DAGENHAM LBC
650 _aDUTY OF CARE
650 _aHOUSE PRICES
650 _aHOUSING ACT 1985 S125
650 _aOVERVALUATION
650 _aRIGHT TO BUY
690 _aLANDLORD AND TENANT-CASE LAW-LEASEHOLD REFORM
690 _aMANAGEMENT-BUSINESS MANAGEMENT-PROFESSIONAL PRACTICE
942 _n0
948 _c04/03/1997
999 _c43811
_d43811